12 Meistgesprochenen indischen Sprachen (leicht) - Statistics

General Stats
  • This quiz has been taken 19 times
  • The average score is 6 of 12
Answer Stats
Answer % Correct
Hindi
100%
Tamil
67%
Kannada
50%
Panjabi
50%
Telugu
50%
Urdu
50%
Gujarati
42%
Malayalam
42%
Oriya (Odia)
42%
Marathi
25%
Assamesisch
17%
Bengalisch
17%
No matching quizzes found
Score Distribution
Percent of People with Each Score
Percentile by Number Answered
Your Score History
You have not taken this quiz